<?xml version="1.0" encoding="UTF-8"?>
<record
    xmlns:xsi="http://www.w3.org/2001/XMLSchema-instance"
    xsi:schemaLocation="http://www.loc.gov/MARC21/slim http://www.loc.gov/standards/marcxml/schema/MARC21slim.xsd"
    xmlns="http://www.loc.gov/MARC21/slim">

  <leader>02895cam a2200349 a 4500</leader>
  <controlfield tag="003">EG-GiCUC</controlfield>
  <controlfield tag="005">20250223031814.0</controlfield>
  <controlfield tag="008">170926s2016    ua d   f m    000 0 eng d</controlfield>
  <datafield tag="040" ind1=" " ind2=" ">
    <subfield code="a">EG-GiCUC</subfield>
    <subfield code="b">eng</subfield>
    <subfield code="c">EG-GiCUC</subfield>
  </datafield>
  <datafield tag="041" ind1="0" ind2=" ">
    <subfield code="a">eng</subfield>
  </datafield>
  <datafield tag="049" ind1=" " ind2=" ">
    <subfield code="a">Deposite</subfield>
  </datafield>
  <datafield tag="097" ind1=" " ind2=" ">
    <subfield code="a">M.Sc</subfield>
  </datafield>
  <datafield tag="099" ind1=" " ind2=" ">
    <subfield code="a">Cai01.11.28.M.Sc.2016.Em.G</subfield>
  </datafield>
  <datafield tag="100" ind1="0" ind2=" ">
    <subfield code="a">Eman Ahmed Mohamed Ali</subfield>
  </datafield>
  <datafield tag="245" ind1="1" ind2="0">
    <subfield code="a">Growth pattern in children with inherited kidney diseases post-transplantation / </subfield>
    <subfield code="c">Eman Ahmed Mohamed Ali ; Supervised Neveen Abdelmonem Soliman , Lobna Anas Fawaz , Doaa Mohamed Salah</subfield>
  </datafield>
  <datafield tag="246" ind1="1" ind2="5">
    <subfield code="a">&#x627;&#x644;&#x646;&#x645;&#x648; &#x641;&#x64A; &#x627;&#x644;&#x627;&#x637;&#x641;&#x627;&#x644; &#x627;&#x644;&#x630;&#x64A;&#x646; &#x64A;&#x639;&#x627;&#x646;&#x648;&#x646; &#x645;&#x646; &#x627;&#x645;&#x631;&#x627;&#x636; &#x627;&#x644;&#x643;&#x644;&#x64A; &#x627;&#x644;&#x648;&#x631;&#x627;&#x62B;&#x64A;&#x647; &#x628;&#x639;&#x62F; &#x627;&#x644;&#x632;&#x631;&#x639;</subfield>
  </datafield>
  <datafield tag="260" ind1=" " ind2=" ">
    <subfield code="a">Cairo : </subfield>
    <subfield code="b">Eman Ahmed Mohamed Ali , </subfield>
    <subfield code="c">2016</subfield>
  </datafield>
  <datafield tag="300" ind1=" " ind2=" ">
    <subfield code="a">124 P. : </subfield>
    <subfield code="b">charts ; </subfield>
    <subfield code="c">25cm</subfield>
  </datafield>
  <datafield tag="502" ind1=" " ind2=" ">
    <subfield code="a">Thesis (M.Sc.) - Cairo University - Faculty of Medicine - Department of Pediatrics</subfield>
  </datafield>
  <datafield tag="520" ind1=" " ind2=" ">
    <subfield code="a">Thirty patients, who received living donor kidney transplant and being followed up at the kidney Transplantation Outpatient Clinic, Cairo University Monira Children Hospital, were included. Initial assessment, as well as, 3 &amp; 6 months follow up assessment of height (SD), body weight (SD), and body mass index (BMI) were done. Initial and 6 months follow up bone age estimation was also done. Data obtained by combined history and medical record review. Obtained data and assessment parameters were interpreted. Results: At initial assessment; 21 patients (70%) were stunted (height &lt; -2 SD), 9 patients (30%) were under weight (weight&lt;-2SD), 7 patients (23.3%) were obese (BMI &gt; +2 SD), the prevalence of delayed growth did not change much at 6 months F/U assessment. The mean growth velocity SDS of the study group was 2.1at 3months and 2.8 at 6months following the initial assessment with the mean delta SDS of growth velocity (0.67).Significant correlations existed between height SDS and steroid doses at 6 months post-transplantation as well as frequency of BPAR (p=0.033, 0.011 respectively). Body weight SDS at 6months F/U assessment significantly correlated with age at diagnosis of CRI (p=0.029), and duration of dialysis (p=0.029) Conclusion: The mean growth velocity increase in renal transplanted children, with follow up assessment over 6 months, but still suboptimal. Post transplantation growth is affected with type of inherited renal disease, age of diagnosis, time of referral, early dialysis, steroid exposure, and acute rejection episodes</subfield>
  </datafield>
  <datafield tag="530" ind1=" " ind2=" ">
    <subfield code="a">Issued also as CD</subfield>
  </datafield>
  <datafield tag="653" ind1=" " ind2="4">
    <subfield code="a">End-stage renal disease</subfield>
  </datafield>
  <datafield tag="653" ind1=" " ind2="4">
    <subfield code="a">Inherited nephropathies</subfield>
  </datafield>
  <datafield tag="653" ind1=" " ind2="4">
    <subfield code="a">Renal transplantation</subfield>
  </datafield>
  <datafield tag="700" ind1="0" ind2=" ">
    <subfield code="a">Doaa Mohamed Salah , </subfield>
    <subfield code="e">Supervisor</subfield>
  </datafield>
  <datafield tag="700" ind1="0" ind2=" ">
    <subfield code="a">Lobna Anas Fawaz , </subfield>
    <subfield code="e">Supervisor</subfield>
  </datafield>
  <datafield tag="700" ind1="0" ind2=" ">
    <subfield code="a">Neveen AbdElmonem Soliman , </subfield>
    <subfield code="e">Supervisor</subfield>
  </datafield>
  <datafield tag="856" ind1=" " ind2=" ">
    <subfield code="u">http://172.23.153.220/th.pdf</subfield>
  </datafield>
  <datafield tag="905" ind1=" " ind2=" ">
    <subfield code="a">Enas</subfield>
    <subfield code="e">Cataloger</subfield>
  </datafield>
  <datafield tag="905" ind1=" " ind2=" ">
    <subfield code="a">Nazla</subfield>
    <subfield code="e">Revisor</subfield>
  </datafield>
  <datafield tag="942" ind1=" " ind2=" ">
    <subfield code="2">ddc</subfield>
    <subfield code="c">TH</subfield>
  </datafield>
  <datafield tag="999" ind1=" " ind2=" ">
    <subfield code="c">62579</subfield>
    <subfield code="d">62579</subfield>
  </datafield>
  <datafield tag="952" ind1=" " ind2=" ">
    <subfield code="2">ddc</subfield>
    <subfield code="7">0</subfield>
    <subfield code="a">CUCL</subfield>
    <subfield code="b">cl210</subfield>
    <subfield code="d">2024-02-11</subfield>
    <subfield code="o">Cai01.11.28.M.Sc.2016.Em.G</subfield>
    <subfield code="p">01010110072688000</subfield>
    <subfield code="r">2023-09-22 00:00:00</subfield>
    <subfield code="y">TH</subfield>
  </datafield>
  <datafield tag="952" ind1=" " ind2=" ">
    <subfield code="2">ddc</subfield>
    <subfield code="7">0</subfield>
    <subfield code="a">CUCL</subfield>
    <subfield code="b">cl2u8</subfield>
    <subfield code="d">2024-02-11</subfield>
    <subfield code="o">Cai01.11.28.M.Sc.2016.Em.G</subfield>
    <subfield code="p">01020110072688000</subfield>
    <subfield code="r">2023-09-22 00:00:00</subfield>
    <subfield code="t">72688.CD   </subfield>
    <subfield code="y">CD</subfield>
  </datafield>
</record>
